| 000 | 00706nam a2200229Ia 4500 | ||
|---|---|---|---|
| 003 | OSt | ||
| 005 | 20240827101017.0 | ||
| 008 | 210716s2002 xx 000 0 und d | ||
| 020 | _a9780310205715 | ||
| 040 | _cAIMIT LIBRARY | ||
| 041 | _aeng | ||
| 082 |
_a374.22 _21 _bWARR |
||
| 100 |
_aWarren, Rick. _9177965 |
||
| 245 |
_aPurpose driven life : _bwhat on earth am i here for / _cBy Rick Warren. |
||
| 250 | _a1st ed. | ||
| 260 |
_aUSA : _c2002. _bZondervan , |
||
| 300 |
_a334p. ; _bHB _c24.5 cm |
||
| 650 |
_aWhat on earth am i here for _9177966 |
||
| 650 |
_aYou were planned for gods pleasure _9177967 |
||
| 650 |
_aYou were formed for gods family _9177968 |
||
| 942 |
_2ddc _cBK _e1st _k374.22 WARR |
||
| 999 |
_c206404 _d206404 |
||